000 00775nam a2200205Ia 4500
003 GCL
008 140319s9999 xx 000 0 ara d
040 _aGCL /
_cGCL
082 0 4 _a811.6
_bا د
100 1 _aابن خفاجة : ابواسحاق ابراهيم بن ابى الفتح بن عبدالله الهوارى الاندلسى
245 1 0 _aديوان ابن خفاجة /
_cابن خفاجة : ابواسحاق ابراهيم بن ابى الفتح بن عبدالله الهوارى الاندلسى
260 _a[S.N] :
_bدار صادر
490 _a
650 0 4 _aالشعر العربى
650 0 4 _aالادب العربى
650 0 4 _aدواوين وقصائد
650 0 4 _aابن خفاجة
650 0 4 _aتاريخ ونقد
942 _2ddc
_cBK
999 _c31515
_d31515